| 000 | 00407 a2200157 4500 | ||
|---|---|---|---|
| 001 | 187884 | ||
| 020 | _a978-85-7678-051-9 | ||
| 040 | _cMagnum | ||
| 100 | _aSacconi, Luiz Antonio | ||
| 240 | 1 | 0 |
_aNovíssima gramática ilustrada sacconi _lpor |
| 245 | 1 | 0 | _aNovíssima gramática ilustrada sacconi |
| 300 | _a496 | ||
| 362 | 0 | _a2008 | |
| 697 | _aLÍNGUA, TEORIA DA LITERATURA E GRAMÁTICA | ||
| 942 | _cBK | ||
| 999 |
_c187884 _d187884 |
||